Statistics for US Cities with the Lowest Tax Rates

Click here to take the quiz!

General Stats

  • This quiz has been taken 13 times
  • The average score is 8 of 15

Answer Stats

Average City % Correct
$12,969Phoenix
85%
$8,452Jacksonville
77%
$7,716Seattle
77%
$8,378Houston
69%
$9,736Memphis
69%
$10,839Denver
69%
$9,038Las Vegas
62%
$12,158New Orleans
54%
$11,263Honolulu
46%
$5,658Anchorage
38%
$5,829Cheyenne
31%
$7,150Sioux Falls
31%
$8,215Fargo
31%
$12,297Billings
15%
$10,766Manchester
8%

Score Distribution

Percentile by Number Answered

Percent of People with Each Score

Your Score History

You have not taken this quiz